00394nam a2200109Ia 4500082000800000245003300008100008000041942000700121008004100128999001900169952009600188 aKON 0aLiefde van Francesco Corani  a KONSALIK, Heinz G. (Heinz Gunther) Pretoria, 1993 Grootdrukuitg 96406 cBK210817s9999 xx 000 0 und d c172230d172229 00104070aFUNDLbFUNDLd2021-08-18g111.20l0p33228014257123r2021-08-18w2021-08-18yBK